Statistics for Super Smash Bros. Fighters #25E - The Chrom Quiz

Click here to take the quiz!

General Stats

  • This quiz has been taken 72 times
  • The average score is 9 of 15

Answer Stats

QuestionAnswer% Correct
Who is Chrom’s (future) daughter?Lucina
100%
Who in Smash Bros. is Chrom stated to be a direct descendant of?Marth
95%
Chrom is a part of which character’s Final Smash?Robin
95%
What Fire Emblem game is Chrom the protagonist of?Fire Emblem Awakening
90%
What sword does Chrom wield?Falchion
81%
What is Chrom’s starting class?Lord
69%
Where is Chrom the prince of?Ylisse
69%
Who are Chrom’s sisters?Lissa
60%
The above game is a crossover with what Atlus game series?Shin Megami Tensei
50%
Excluding the player, name a character which Chrom can romance:Sumia, Maribelle, Rando Village Maiden…
50%
Who are Chrom’s sisters?Emeryn
45%
Chrom is Itsuki Aoi’s mirage partner in this WiiU RPG:Tokyo Mirage Sessions #FE
45%
What military group does Chrom lead?The {Shepherds}
41%
Which crossover-fighting game (that isn’t Smash) does Chrom appear in?Project X Zone 2
22%
What is the name of the prologue of this game,
the chapter that Chrom first appears in?
Invisible Ties
12%

Score Distribution

Percentile by Number Answered

Percent of People with Each Score

Your Score History

You have not taken this quiz